000 00586nam a22001937a 4500
005 20251108171944.0
008 250721s1985 xx 000 0 ara d
082 1 4 _a933/شري
100 1 _aالشريقي، إبراهيم
245 1 0 _aأورشليم و أرض كنعان :
_bحوار مع أنبياء و ملوك إسرائيل /
264 1 _aلندن :
_bمؤسسة العرب،
_c1985.
300 _a274ص
650 1 7 _aفلسطين
650 1 7 _aالتاريخ القديم
650 1 7 _aالتاريخ
650 1 7 _aاليهود
942 _2ddc
_cBK
999 _c66830
_d66830